| 000 | 00895nam a2200301Ia 4500 | ||
|---|---|---|---|
| 001 | 18891 | ||
| 003 | IT-RoPAU | ||
| 008 | 130308s9999 xx 000 0 und d | ||
| 040 | _aIT-RoPAU | ||
| 040 | _cIT-RoPAU | ||
| 041 | _aITALIANO | ||
| 100 | _aTrasatti Sergio | ||
| 100 | _gCodice Aut. SPICS: 369 | ||
| 245 | _a"Inchiesta su ""come la scuola vede gli audiovisivi""" | ||
| 245 | _bDidattica e Audiovisivi-Dalla mitologia Alla Prassi | ||
| 250 | _a1a ed. | ||
| 260 | _aROMA | ||
| 260 | _bEdizioni Paoline | ||
| 260 | _c1983 [1° Ed.:1983 - Ed.Ling.Originale:1983] | ||
| 300 | _a"11 p. (prefazione: no ; testo: 11 [pagine: 36-46])" | ||
| 500 | _aInformazione computerizzata Audiovisivo Entra nella Scuola sintesi delle 122 Schede | ||
| 650 | _aDIDATTICA AUDIOVISIVA | ||
| 650 | _eCodice materia Spics: 4002 | ||
| 942 | _cBK | ||
| 957 | _71 | ||
| 999 |
_c45986 _d45986 |
||
| 999 | _bSI | ||
| 999 | _g1 | ||